MOBILE JOURNALISM (Record no. 32122)

MARC details
000 -LEADER
fixed length control field 00301nam a22001457a 4500
003 - CONTROL NUMBER IDENTIFIER
control field SGT
020 ## - INTERNATIONAL STANDARD BOOK NUMBER
International Standard Book Number 9789355213600
082 ## - DEWEY DECIMAL CLASSIFICATION NUMBER
Classification number 070.285
Item number DAS
100 ## - MAIN ENTRY--PERSONAL NAME
Personal name DASS Dr RAHUL
245 ## - TITLE STATEMENT
Title MOBILE JOURNALISM
260 ## - PUBLICATION, DISTRIBUTION, ETC. (IMPRINT)
Place of publication, distribution, etc INDIA
Year of Publication 2022
Name of publisher, distributor, etc PRABHAT PUB
300 ## - PAGE DESCRIPTION
No. of Pages 168
650 ## - SUBJECT ADDED ENTRY--TOPICAL TERM
Topical term or geographic name as entry element BJMC
942 ## - ADDED ENTRY ELEMENTS (KOHA)
Source of classification or shelving scheme Dewey Decimal Classification
Koha item type Books
Holdings
Withdrawn status Lost status Source of classification or shelving scheme Damaged status Not for loan Home library Current library Shelving location Date acquired Vendor Name Cost, normal purchase price SGTU Bill Number Full call number Accession No. (Barcode) Date last seen Bill Date Koha item type Total Checkouts
    Dewey Decimal Classification   Not For Loan SGT Science & Social Sciences Library SGT Science & Social Sciences Library Reference Book 19/07/2025 BRIJWASHI DELHI 195.00 SGTU BW/000215 070.285 DAS MC1216 19/07/2025   Books  
    Dewey Decimal Classification     SGT Science & Social Sciences Library SGT Science & Social Sciences Library   19/07/2025 BRIJWASHI DELHI 195.00 SGTU BW/000215 070.285 DAS MC1217 19/07/2025   Books  
    Dewey Decimal Classification     SGT Science & Social Sciences Library SGT Science & Social Sciences Library   19/07/2025 BRIJWASHI DELHI 195.00 SGTU BW/000215 070.285 DAS MC1218 19/07/2025   Books  
    Dewey Decimal Classification     SGT Science & Social Sciences Library SGT Science & Social Sciences Library   19/07/2025 BRIJWASHI DELHI 195.00 SGTU BW/000215 070.285 DAS MC1219 19/07/2025   Books  
    Dewey Decimal Classification     SGT Science & Social Sciences Library SGT Science & Social Sciences Library   19/07/2025 BRIJWASHI DELHI 195.00 SGTU BW/000215 070.285 DAS MC1220 19/07/2025   Books